000 00531nam a2200193Ia 4500
005 20250923145644.0
008 008 250917s9999 xx 000 0 eng d
037 _aTextual
040 _aDSWL
_beng
_cDSWL
041 _aeng
_2eng
084 _aZ2(X:95854), N83
_qDSWL
245 4 _aThe Employees State Insurance Act, 194
260 _aLucknow
_bEastern Books
_c1983
300 _a152 p.
365 _aINR
_b13.50
925 _g13.50
942 _cTEXL
_hZ2(X:95854), N83
999 _c1453993
_d1453993